| 000 | 00637nam a22001937a 4500 | ||
|---|---|---|---|
| 003 | OSt | ||
| 005 | 20260612115555.0 | ||
| 008 | 260612b |||||||| |||| 00| 0 eng d | ||
| 020 | _a0761931260 | ||
| 040 | _cChuka University Library | ||
| 050 |
_aLB 1775.2 _b.T5 2004 |
||
| 100 |
_aTileston, Donna Walker _927992 |
||
| 245 | _aWhat every teacher should know about the profession and politics of teaching | ||
| 260 |
_aCalifornia _bCorwin press _c2004 |
||
| 300 | _axix, 61pp | ||
| 650 |
_aTeaching-United states -Handbooks, manuals,etc _928897 |
||
| 650 |
_aTeachers -United states -Handbook ,manuals etc _928898 |
||
| 942 |
_2lcc _cBK _n0 |
||
| 999 |
_c24136 _d24136 |
||